| 000 | 01385pam a2200397 i 4500 | ||
|---|---|---|---|
| 001 | vtls000943352 | ||
| 003 | PNM | ||
| 005 | 20220615113206.0 | ||
| 008 | 211207t20212021my g a001 0 may | ||
| 015 | _aM221-00506 | ||
| 020 |
_a9789674881955 _qpaperback _cRM56.00 |
||
| 039 | 9 |
_a202204211439 _bsham _c202203211004 _dsazlan _c202202161242 _dkhoddri _c202202111012 _dnurazlina |
|
| 040 |
_aBNM _beng _cBNM _erda _dPPAK |
||
| 049 | _amal | ||
| 082 | 0 | 4 |
_a297.1226 _223 |
| 090 | 0 | 0 |
_a297.1226 _bFAI _dG |
| 100 | 0 |
_aFaisal Ahmad Shah, _eauthor. |
|
| 245 | 1 | 0 |
_aTafsiran Al-Quran dan Hadis : _bSalah Faham dan Penyelewengan / _cFaisal Ahmad Shah, Monika@Munirah Abd Razzak, Mustaffa Abdullah |
| 264 | 1 |
_aKuala Lumpur : _bJabatan Penerbitan Universiti Malaya, _c2021 |
|
| 264 | 4 | _c©2021 | |
| 300 |
_axiii, 218 pages ; _c23 cm |
||
| 336 |
_atext _2rdacontent |
||
| 337 |
_aunmediated _2rdamedia |
||
| 338 |
_avolume _2rdacarrier |
||
| 500 | _aIncludes index | ||
| 500 | _aContains verse from the Qur'an and quote from hadith | ||
| 504 | _aBibliography: pages [199]-213 | ||
| 630 | 0 | 0 |
_aQurʼan _xCriticism, interpretation, etc |
| 630 | 0 | 0 |
_aQur'an _xTranslating |
| 650 | 1 | 0 |
_aHadith _xCriticism, interpretation, etc |
| 700 | 0 |
_aMonika@Munirah Abd Razzak, _eauthor. |
|
| 700 | 0 |
_aMustaffa Abdullah, _eauthor. |
|
| 942 |
_2ddc _cB |
||
| 949 | _62000754085 | ||
| 949 | _62000754086 | ||
| 999 |
_c187942 _d187942 |
||